|
|
|
|
| LEADER |
00000nam0a2200000 4500 |
| 001 |
214270 |
| 005 |
20231031193524.0 |
| 035 |
|
|
|a (RuTPU)RU\TPU\book\234132
|
| 090 |
|
|
|a 214270
|
| 100 |
|
|
|a 20120421d1970 m y0rusy50 ca
|
| 101 |
0 |
|
|a rus
|
| 102 |
|
|
|a RU
|
| 105 |
|
|
|a a z 001zy
|
| 200 |
1 |
|
|a Глины, их минералогия, свойства и практическое значение
|f Академия наук СССР (АН СССР), Институт геологии рудных месторождений, петрографии, минералогии и геохимии (ИГЕМ) ; под ред. Ф. В. Чухрова
|
| 210 |
|
|
|a Москва
|c Наука
|d 1970
|
| 215 |
|
|
|a 272 с.
|c ил.
|
| 320 |
|
|
|a Библиогр. в конце ст.
|
| 610 |
1 |
|
|a глины
|
| 610 |
1 |
|
|a минералогия
|
| 610 |
1 |
|
|a свойства
|
| 610 |
1 |
|
|a практическое значение
|
| 610 |
1 |
|
|a практическое использование
|
| 675 |
|
|
|a 552.52(063)
|v 3
|
| 702 |
|
1 |
|a Чухров
|b Ф. В.
|4 340
|
| 712 |
0 |
2 |
|a Академия наук СССР (АН СССР)
|b Институт геологии рудных месторождений, петрографии, минералогии и геохимии (ИГЕМ)
|c (Москва)
|2 stltpush
|3 (RuTPU)RU\TPU\col\11398
|
| 801 |
|
1 |
|a RU
|b 63413507
|c 20120421
|
| 801 |
|
2 |
|a RU
|b 63413507
|c 20150526
|g RCR
|
| 942 |
|
|
|c BK
|